000
00295nam a2200133Ia 4500
008
230312s9999||||xx |||||||||||||| ||und||
082
_a
891.4
_b
HUS-K
100
_a
Hussain, Intizar
245
0
_a
Khayal Number 1857
260
_b
SangeMeel
300
_a
330
650
_a
Literature
942
_c
BK
999
_c
8797
_d
8797